01335nam a2200265Ia 4500001000600000003000900006008004100015040001300056040001300069041001300082100001100095100002900106245004200135245004200177250001100219260000900230260001200239260004900251300005700300500061700357650001500974650003100989700002001020700002901040F6883IT-RoPAU130308s9999 xx 000 0 und d aIT-RoPAU cIT-RoPAU aITALIANO aAA.VV. gCodice Aut. SPICS: 12000 aNuove frontiere della sociologia (Le) bNuove Frontiere della Sociologia (Le) a1a ed. aROMA bCarocci c1998 [1° Ed.:1998 - Ed.Ling.Originale:1998] a"478 p. (prefazione: no ; testo: 478 [pagine: 0-0])" aQuesto Libro Delinea in Modo Ampio e Circostanziato le nuove Frontiere dell'Indagine Sociologica, Soffermandosi in Particolare su Questioni Cruciali del Mondo Contemporaneo Come la globalizzazione e Il Multiculturalismo, L'Ambiente e la Pace, Il Tramonto di Certezze Collegate a problematiche del Rischio, senza Trascurare le Trasformazioni della Vita Quotidiana e del Tempolibero, L'Analisi delle Emozioni, le previsioni degli scenari Futuri.. Sociologia Come Scienza Esplicativa. Sociologia e Modernità€. Sociologia e Globalizzazione. contributi di Autori Diversi a cura e con Introduzione di Paolo De Nardis. aSOCIOLOGIA eCodice materia Spics: 3651 aDe Nardis Paolo gCodice Aut. SPICS: 52024